Thinking business space (Record no. 118273)
[ view plain ]
| 000 -LEADER | |
|---|---|
| fixed length control field | 01231cam a2200217 4500 |
| 001 - CONTROL NUMBER | |
| control field | WB@3612-117 |
| 008 - FIXED-LENGTH DATA ELEMENTS--GENERAL INFORMATION | |
| fixed length control field | 041104n2004 000 0 eng u |
| 035 ## - SYSTEM CONTROL NUMBER | |
| System control number | (Sirsi) u127904 |
| 245 ## - TITLE STATEMENT | |
| Title | Thinking business space |
| 260 ## - PUBLICATION, DISTRIBUTION, ETC. | |
| Date of publication, distribution, etc. | 2004 |
| 490 ## - SERIES STATEMENT | |
| Series statement | BRE News Release |
| Volume/sequential designation | 27 August 2004 (1) |
| 520 ## - SUMMARY, ETC. | |
| Summary, etc. | "Thinking business space" has been published by the Building Research Establishment. It provides guidance to businesses on social responsibility issues involved in choosing new premises and is aimed at organisations that are moving for the first time or that do so infrequently. The benefits of building social responsibility into decision-making are high-lighted. According to the guide, these can include: better staff retention, less sick leave, higher staff productivity, lower fuel bills and reduced environmental impact. The guide can be downloaded free of charge from: http://www.bre.co.uk/service.jsp?id=326. http://www.bre.co.uk/news.jsp?id=245 |
| 590 ## - LOCAL NOTE (RLIN) | |
| Local note | WB |
| 590 ## - LOCAL NOTE (RLIN) | |
| Local note | WB |
| 650 ## - SUBJECT ADDED ENTRY--TOPICAL TERM | |
| Topical term or geographic name entry element | CORPORATE SOCIAL RESPONSIBILITY |
| 650 ## - SUBJECT ADDED ENTRY--TOPICAL TERM | |
| Topical term or geographic name entry element | BUSINESS SUPPORT |
| 650 ## - SUBJECT ADDED ENTRY--TOPICAL TERM | |
| Topical term or geographic name entry element | PROPERTY |
| 650 ## - SUBJECT ADDED ENTRY--TOPICAL TERM | |
| Topical term or geographic name entry element | BUILT ENVIRONMENT-BUILDING MAINTENANCE AND REFURBISHMENT |
| 690 ## - LOCAL SUBJECT ADDED ENTRY--TOPICAL TERM (OCLC, RLIN) | |
| Topical term or geographic name as entry element | Business and management |
| 9 (RLIN) | 6226 |
| 942 ## - ADDED ENTRY ELEMENTS (KOHA) | |
| Suppress in OPAC | 0 |
| Withdrawn status | Lost status | Source of classification or shelving scheme | Damaged status | Not for loan | Home library | Current library | Shelving location | Date acquired | Total Checkouts | Full call number | Barcode | Date last seen | Copy number | Price effective from | Koha item type |
|---|---|---|---|---|---|---|---|---|---|---|---|---|---|---|---|
| Dewey Decimal Classification | London | London | News article | 04/11/2004 | WB4042-03 | 127904-1001 | 06/08/2019 | 1 | 06/08/2019 | News article |